| 000 | 00458nam a2200157 a 4500 | ||
|---|---|---|---|
| 001 | 000030308 | ||
| 005 | 20200930060223.0 | ||
| 008 | 110509s1989 dr a 000 0 spa d | ||
| 040 |
_aDO-SdBNP _bspa _cBNPHU |
||
| 082 |
_axxx _bA742p |
||
| 100 | 1 |
_aArnáiz, Francisco José _96960 |
|
| 245 | 1 | 3 |
_aEl padre Veiga 1932-1989 / _cFrancisco José Arnáiz. |
| 260 |
_aSanto Domingo : _bAmigo del Hogar, _c1989. |
||
| 300 |
_a17 p. : _bretr. ; _c21 cm. |
||
| 049 | _aBNPD | ||
| 999 |
_c29800 _d29800 |
||